02302naa a2200229 a 450000100080000000500110000800800410001910000300006024501330009026000090022352015730023265300180180565300200182365300180184365300130186165300280187465300190190265300310192170000200195270000140197277300860198611198002013-12-04 2013 bl uuuu u00u1 u #d1 aMENEZES J??NIOR, F. O. G. aCrescimento, desenvolvimento, produtividade e perda p??s-colheita da cebola em fun????o de podas na fase de produ????o de mudas. c2013 aA realiza????o de uma ou mais podas no canteiro, com vistas ao condicionamento das mudas de cebola e seu transplante no momento mais oportuno, ?? uma pr??tica comumente utilizada pelos cebolicultores catarinenses da regi??o do Alto Vale do Itaja??. Atualmente, n??o existem estudos espec??ficos em rela????o ao comportamento das plantas quando da pr??tica da poda. O ensaio teve por objetivo o estudo da influ??ncia de podas a??reas de plantas de cebola na fase de canteiro em rela????o ?? forma????o de mudas, crescimento e desenvolvimento p??s-transplante, produtividade e armazenamento de bulbos. Os tratamentos aplicados foram: aus??ncia de poda (testemunha ? Sem Poda), uma poda - efetuada aos 55 dias ap??s a semeadura (DAS), duas podas ? efetuadas aos 55 e 62 DAS, tr??s podas ? efetuadas aos 55, 62 e 69 DAS. Foi utilizado o delineamento experimental de blocos ao acaso, com quatro repeti????es. Na fase de mudas as parcelas experimentais foram formadas por canteiros com 6,0 m2 (1 x 6 m) e ??rea ??til de 4,64 m2. Na fase de p??s-transplante, adotou-se o esquema fatorial 4 x 7 e 4 x 4, relativo aos fatores manejo de poda das mudas e datas de observa????o. Avaliaram-se o n??mero de folhas, as fitomassas seca e fresca de mudas e plantas ap??s o transplante, bem como produtividade e perdas ap??s quatro meses de armazenamento dos bulbos. Os resultados obtidos indicam a viabilidade do uso de podas na fase de mudas com vistas ao seu condicionamento e transplante no momento mais adequado sem redu????o na produtividade e aumento nas perdas em p??s-colheita. aAllium cepa L aAllium cepa L., aArmazenamento aCanteiro aCondicionamento de muda aManejo de poda aManejo de poda no canteiro1 aVIEIRA NETO, J.1 aKURTZ, C. tRevista de Ci??ncias Agroveterin??rias, Lages, SCgv. 12, n. 2, p. 141-148, 2013.